|
|
|
|
| LEADER |
00000naa2a2200000 4500 |
| 001 |
403335 |
| 005 |
20231101065907.0 |
| 035 |
|
|
|a (RuTPU)RU\TPU\prd\49521
|
| 090 |
|
|
|a 403335
|
| 100 |
|
|
|a 20070312a2006 k y0rusy50 ca
|
| 101 |
0 |
|
|a rus
|
| 102 |
|
|
|a RU
|
| 200 |
1 |
|
|a Ленты медные. Технические условия по ГОСТ 1173 (в редакции 2004 г.)
|
| 225 |
1 |
|
|a Материалы. Зарубежные аналоги
|
| 461 |
|
0 |
|0 (RuTPU)RU\TPU\prd\1723
|x 0203-347X
|t Справочник. Инженерный журнал
|o научно-технический и производственный журнал
|d 2000-
|
| 463 |
|
0 |
|0 (RuTPU)RU\TPU\prd\47137
|t № 7
|v С. 10-16
|d 2006
|
| 610 |
1 |
|
|a медные ленты
|
| 610 |
1 |
|
|a технические условия
|
| 610 |
1 |
|
|a ГОСТ 1173
|
| 610 |
1 |
|
|a технические требования
|
| 610 |
1 |
|
|a характеристики
|
| 610 |
1 |
|
|a маркировка
|
| 610 |
1 |
|
|a приёмка
|
| 610 |
1 |
|
|a методы контроля
|
| 610 |
1 |
|
|a транспортирование
|
| 610 |
1 |
|
|a хранение
|
| 801 |
|
1 |
|a RU
|b 63413507
|c 20070312
|g PSBO
|
| 801 |
|
2 |
|a RU
|b 63413507
|c 20140117
|g RCR
|
| 942 |
|
|
|c BK
|